000 00296nam a22001337a 4500
008 170622b xxu||||| |||| 00| 0 eng d
020 _ax000p43asv
041 _aeng
080 _a32
100 _a21
101 _aSHP
245 _aTHE POLICY BASED PROFESSION
_cPOPPLE.P.R
942 _2udc
_cBK
999 _c18736
_d18736